Clics en chaîne - La dynastie Kim (Corée du Nord) - Statistiques

Statistiques générales
  • Ce quiz a été pris 177 fois
  • Le résultat moyen est 10 sur 18
Statistiques - réponses
Hint Réponse % Correct
Sous sa présidence auront lieux les premiers essais nucléaires
77%
Comme son père et son grand père, il existe un ________ autour de lui Culte de la personnalité
74%
Qui se manifeste notamment en 2017 alors que l'escalade monte entre _____ et lui Donald Trump
74%
Il le rencontrera finalement à Singapour
70%
Mais ce n'est pas contre ce pays qu'il déclenchera une guerre en 1950 mais contre celui-ci : la Corée du Sud
62%
Pays qui était auparavant associé à ce pays : Malaisie
62%
Qui contrairement à son père, n'a pas grandi en partie en Suisse
60%
Mais il faut bien un dirigeant vivant aux côtés de ces 2 éternels alors son fils ____ lui succède Kim Jong-Un
57%
Qui commence à tomber en disgrâce au profit de sa nièce (fille du dirigeant) : Kim Ju-ae
57%
La dynastie Kim est aussi appelée lignée du Mont Paektu
55%
Mais un pays ne peut se contenter d'un dirigeant mort alors son fils ____ lui succède Kim Jong-Il
54%
Cette idéologie du fondateur de la dynastie va lui survivre, ce dernier sera alors nommé : Président éternel de la République
49%
Lieu où la résistance à l'oppresseur fut organisée par son fondateur ____ Kim Il-Sung
46%
Qui s'est donc fait connaître en résistant à ce pays : le Japon
46%
Et c'est dans ce pays où le dirigeant va notamment faire assassiner son demi frère : Kim Jong Nam
38%
Dont il ne verra que les débuts. Car il meurt et est nommé secrétaire général éternel du parti travailliste de Corée
34%
Mais le dirigeant ne purge pas toute sa famille, il associe au pouvoir la demi-soeur du défunt (et soeur du dirigeant) : Kim Yo Jong
33%
Dont la Corée du Nord se distingue en termes idéologiques, libéralisme d'une part et ____ d'autre part juche
30%
Aucun quiz correspondant
Distribution des résultats
% des personnes avec chaque résultat
Percentile par nombre de réponses
Votre historique - résultats
Vous n’avez pas pris ce quiz